Súhrnné hodnotenia a predikčne orientované metódy určovania finančnej situácie podnikov bakalárska práca

Uložené v:
Podrobná bibliografia
Hlavný autor: Trúsiková, Erika
Korporativný autor: Fakulta hospodárskej informatiky EU. Katedra účtovníctva a audítorstva
Ďalší autori: Rybka, Lukáš
Médium: Kniha
Jazyk:Slovak
Vydavateľské údaje: Bratislava 2012
Tagy: Pridať tag
Žiadne tagy, Buďte prvý, kto otaguje tento záznam!

MARC

LEADER 00000nbm a2200000 4500
001 0156328
005 20161109111953.5
041 0 |a slo 
044 |a SK 
245 1 0 |a Súhrnné hodnotenia a predikčne orientované metódy určovania finančnej situácie podnikov  |b bakalárska práca  |c Erika Trúsiková ; školiteľ: Lukáš Rybka 
264 1 |a Bratislava  |c 2012 
300 |a 38 s. 
100 1 |a Trúsiková, Erika 
700 1 |a Rybka, Lukáš 
710 2 |a Fakulta hospodárskej informatiky EU. Katedra účtovníctva a audítorstva